00468 a2200145 4500020000800000040001400008100004100022245016300063260003500226300000800261310000900269650002100278942000800299999001500307 aS/N aULA-LD-MS 91057aNETO, Felismina da Conceiȯ̂ aA Gestô do Capital Intelectual como Estratǧia para o desenvolvimento da Administraȯ̂ Pb͠lica - Estudo de Caso Administraȯ̂ Municipal da Baa̕ Farta aLuandabUniversidade Lusa̕da  a98p a2024 aRecursos Humanos cTFC c2232d2232